LEADER 01456nam a2200337 i 4500
001 44496
003 BD-DhAAL
005 20250724115659.0
008 250724t2014 enka 6 000 1 eng
010 |a  2013944614 
020 |a 9781449446604 
035 |a 17802036 
040 |a DLC  |b eng  |e rda  |c DLC  |d BD-DhAAL 
042 |a pcc 
050 0 0 |a PN6727.A3  |b D552823 2014 
082 0 0 |a 741.56  |2 23 
100 1 |a Adams, Scott,  |d 1957-  |e author,  |e artist. 
240 1 0 |a Dilbert.  |k Selections 
245 1 0 |a Go add value someplace else /  |c by Scott Adams. 
260 |a Kansas City :  |b Andrews McMeel Publishing,  |c 2014. 
300 |a 165 pages :  |b color illustrations ;  |c 24 cm 
541 |a Donated by Farhana Zahir (Assistant Professor, BBS)   |e 44496 
650 |a Dilbert (Fictitious character)  |x Comic books, strips, etc.  |9 58849 
650 |a Management  |x Caricatures and cartoons.  |9 9695 
650 |a White collar workers  |x Comic books, strips, etc.  |9 58850 
650 |a Office politics  |x Comic books, strips, etc.  |9 58851 
650 |a American wit and humor, Pictorial.  |9 58852 
655 7 |a Comic books, strips, etc.  |9 58853 
942 |2 ddc  |c BK 
999 |c 47355  |d 47355 
952 |0 0  |1 0  |2 ddc  |4 0  |6 741_560000000000000_ADA  |7 0  |9 77905  |a BRACUL  |b BRACUL  |c GEN  |d 2025-07-24  |e Donated by Farhana Zahir (Assistant Professor, BBS.)  |l 1  |m 5  |o 741.56 ADA  |p 3010044496  |r 2025-10-09  |s 2025-08-11  |t 1  |w 2025-07-24  |y BK  |x Donated by Farhana Zahir, Assistant Professor, BBS, BRAC University; $19.99